<?xml version="1.0" encoding="UTF-8"?>
<collection xmlns:xsi="http://www.w3.org/2001/XMLSchema-instance" xsi:schemaLocation="http://www.loc.gov/MARC21/slim http://www.loc.gov/standards/marcxml/schema/MARC21slim.xsd" xmlns="http://www.loc.gov/MARC21/slim">
 <record>
  <leader>00000ctm a22000003i 4500</leader>
  <controlfield tag="001">UP-1685523046126300856</controlfield>
  <controlfield tag="003">Buklod</controlfield>
  <controlfield tag="005">20231106143312.0</controlfield>
  <controlfield tag="006">m    |o  d |      </controlfield>
  <controlfield tag="007">ta</controlfield>
  <controlfield tag="008">230815s2016    xx     d     |||| ||    |</controlfield>
  <datafield tag="035" ind1=" " ind2=" ">
   <subfield code="a">(iLib)UPMNL-00013654600</subfield>
  </datafield>
  <datafield tag="040" ind1="0" ind2=" ">
   <subfield code="a">NTTCHP</subfield>
   <subfield code="e">rda</subfield>
  </datafield>
  <datafield tag="041" ind1="0" ind2=" ">
   <subfield code="a">eng</subfield>
  </datafield>
  <datafield tag="090" ind1="0" ind2="0">
   <subfield code="a">LG995 2016 H32</subfield>
   <subfield code="b">D83</subfield>
  </datafield>
  <datafield tag="100" ind1="0" ind2=" ">
   <subfield code="a">Duch Sophath</subfield>
   <subfield code="e">author</subfield>
  </datafield>
  <datafield tag="245" ind1="0" ind2="4">
   <subfield code="a">The Effectiveness of using simulation in laboratory class in improving clinical skills of midwifery students in the prevention of postpartum hemorrhage in Kampong Cham Regional Training Center</subfield>
   <subfield code="c">Duch Sophath; adviser, Jesus N. Sarol Jr.</subfield>
  </datafield>
  <datafield tag="264" ind1=" " ind2="0">
   <subfield code="a">Manila</subfield>
   <subfield code="b">The National Teacher Training Center for the Health Professions, University of the Philippines Manila</subfield>
   <subfield code="c">2016</subfield>
  </datafield>
  <datafield tag="300" ind1=" " ind2=" ">
   <subfield code="a">68 leaves</subfield>
  </datafield>
  <datafield tag="336" ind1=" " ind2=" ">
   <subfield code="a">text</subfield>
   <subfield code="2">rdacontent</subfield>
  </datafield>
  <datafield tag="337" ind1=" " ind2=" ">
   <subfield code="a">unmediated</subfield>
   <subfield code="2">rdamedia</subfield>
  </datafield>
  <datafield tag="338" ind1=" " ind2=" ">
   <subfield code="a">volume</subfield>
   <subfield code="2">rdacarrier</subfield>
  </datafield>
  <datafield tag="502" ind1=" " ind2=" ">
   <subfield code="a">Thesis (Master of Health Professions Education)--University of the Philippines Manila, 2016.</subfield>
  </datafield>
  <datafield tag="511" ind1="0" ind2=" ">
   <subfield code="a">Panel members: Jesus N. Sarol, Jr. PhD, Chair/Adviser; Erlyn A. Sana PhD, Reader/critic; Chap Seak Chhay MD, MHPEd, Member; Virya Koy RN,MSN, Member; Sar Team, BMA, MHPEd, Member.</subfield>
  </datafield>
  <datafield tag="520" ind1="0" ind2=" ">
   <subfield code="a">This study tested the effectiveness of simulation in teaching clinical skills of prevention of postpartum hemorrhage (PPPH). This skill is a basic competency expected of midwives in Cambodia with a high maternal mortality rate of 472 per 100,000 live births. The study was conducted at Kampong Cham Regional Training Center, Kingdom of Cambodia. The study determined the difference in knowledge of third year midwifery students before and after training using simulation. Also assessed were the clinical skills of the student midwives following simulation for prevention of postpartum hemorrhage (PPPH).  The study used an experimental design, using a modified World Health Organization (WHO) training package as the research instrument for the experimental group and compared with the usual classroom lecture and laboratory sessions composing the control group. All third year students (N=80) students were given a questionnaire, composed of 20 items dealing with basic knowledge of PPH and 15 items on clinical skills in managing PPH. Respondents accomplished the questionnaire twice: before and after the intervention. There was a total response rate of 100%.  Results showed that the pre-test scores of the control group had an overall mean of 35% and the post-test mean was 40%. There was a statistically significant difference of the pre-test and post-test means of the control group (p = 0.017). The overall mean rating of the pre-test of the experimental group was 36% and post-test mean of 66%. The difference in the pre-test and post-test means was statistically significant (p =0.000). Both groups in the pretest had similar results. After intervention, the third year midwifery students who received modified WHO Training Package had higher knowledge and skills scores than the group who used Traditional Teaching Method in terms of knowledge. The difference between the control and experimental group posttest means was statistically significant (p = 0.000). The results indicate that using simulation in clinical teaching improves the knowledge and skills of midwifery students in the prevention and management of postpartum hemorrhage better than the traditional lecture method.</subfield>
  </datafield>
  <datafield tag="650" ind1="1" ind2="2">
   <subfield code="a">Education, Medical</subfield>
   <subfield code="x">Methods.</subfield>
  </datafield>
  <datafield tag="650" ind1="1" ind2="2">
   <subfield code="a">Patient simulation.</subfield>
  </datafield>
  <datafield tag="700" ind1="1" ind2=" ">
   <subfield code="a">Sarol, Jesus N. Jr</subfield>
   <subfield code="e">adviser.</subfield>
  </datafield>
  <datafield tag="905" ind1=" " ind2=" ">
   <subfield code="a">FO</subfield>
  </datafield>
  <datafield tag="905" ind1=" " ind2=" ">
   <subfield code="a">UP</subfield>
  </datafield>
  <datafield tag="852" ind1="0" ind2=" ">
   <subfield code="a">UPMNL</subfield>
   <subfield code="b">NTTC</subfield>
   <subfield code="h">LG 995 2016 H32</subfield>
   <subfield code="i">D83</subfield>
  </datafield>
  <datafield tag="942" ind1=" " ind2=" ">
   <subfield code="a">Thesis</subfield>
  </datafield>
 </record>
</collection>
